El concepto de marginalidad : significado, raíces históricas y cuestiones teóricas, con particular referencia a la marginalidad urbana /

Enregistré dans:
Détails bibliographiques
Auteur principal: Germani, Gino (autor)
Format: Livre
Langue:espagnol
Publié: Buenos Aires, Argentina : Nueva Visión, 1973, c1973
Tags: Ajouter un tag
Pas de tags, Soyez le premier à ajouter un tag!

MARC

LEADER 00000nam^a2200000^a^4500
001 000627860
005 20260212000000.0
009 20260310134102.283
037 |a Acervo Xavier Clavigero 
041 |a ESP 
091 |a FHG. 01217 
100 |a Germani, Gino  |e (autor) 
245 1 3 |a El concepto de marginalidad :  |b significado, raíces históricas y cuestiones teóricas, con particular referencia a la marginalidad urbana / 
264 4 |a Buenos Aires, Argentina :  |b Nueva Visión,  |c 1973, c1973 
300 |a 110 p. 
336 |a texto  |b txt  |2 rdacontenido 
337 |a sin mediación  |b n  |2 rdamedio 
338 |a volumen  |b nc  |2 rdasoporte 
649 |a XX 
910 |a Fondo Humberto García Bedoy S.J. 
920 |a Impresos - Libros 
930 |a Fondos Especiales 
905 |a 148 
901 |a 627860-10  |b IT2  |c ESP  |i D  |u 20260212 
902 |a https://opac.biblio.iteso.mx/vufind/Record/000627860